[Event "UKR Universiad B3 6th"]
[Site "Evpatoria"]
[Date "2003.05.14"]
[Round "4"]
[White "Kalinina, Vladislava"]
[Black "Berdiugina, Elena"]
[Result "0-1"]
[WhiteElo "2255"]
[BlackElo "2120"]
[PlyCount "110"]
[EventDate "2003.05.13"]
[EventType "swiss"]
[EventRounds "9"]
[EventCountry "UKR"]
[SourceTitle "EXT 2008"]
[Source "ChessBase"]
[SourceDate "2007.11.25"]
[SourceVersion "1"]
[SourceVersionDate "2007.11.25"]
[SourceQuality "1"]

1. e4 g6 2. d4 Bg7 3. Nc3 d6 4. f4 Nf6 5. Nf3 0-0 6. Be3 Na6 7. Qd2 c5 8. Be2 b6 9. h3 cxd4 10. Nxd4 Bb7 11. e5 dxe5 12. fxe5 Ne8 13. e6 f5 14. 0-0-0 Nec7 15. h4 h5 16. Bf3 Bxf3 17. gxf3 Kh7 18. Qg2 Qe8 19. Nce2 Nd5 20. Bg5 f4 21. Qh2 Ne3 22. Rde1 Qa4 23. Bxf4 Nxc2 24. Nxc2 Rac8 25. Nc3 Qxf4+ 26. Qxf4 Rxf4 27. Nd5 Rfc4 28. Re2 Nb4 29. Ndxb4 Rxb4 30. b3 Rf4 31. Kb1 Rxf3 32. Nb4 Rc5 33. Rd1 Rff5 34. a3 a5 35. Nd3 Rcd5 36. Kc2 Bf6 37. Re4 Rf3 38. b4 Rh3 39. bxa5 bxa5 40. Rf4 Rxh4 41. Rxf6 exf6 42. Re1 Rc4+ 43. Kd2 Rc8 44. Re3 Re8 45. Ke2 g5 46. Kf2 Kg6 47. Kg2 Kf5 48. e7 Rd7 49. a4 Rdxe7 50. Rf3+ Kg6 51. Nf2 Re2 52. Kg3 R8e3 53. Rxe3 Rxe3+ 54. Kg2 Ra3 55. Ne4 Rxa4 0-1

[Event "UKR Universiad B3 6th"]
[Site "Evpatoria"]
[Date "2003.05.13"]
[Round "2"]
[White "Kalinina, Vladislava"]
[Black "Kazak, Maryna"]
[Result "1-0"]
[WhiteElo "2255"]
[BlackElo "2067"]
[PlyCount "75"]
[EventDate "2003.05.13"]
[EventType "swiss"]
[EventRounds "9"]
[EventCountry "UKR"]
[SourceTitle "EXT 2008"]
[Source "ChessBase"]
[SourceDate "2007.11.25"]
[SourceVersion "1"]
[SourceVersionDate "2007.11.25"]
[SourceQuality "1"]

1. e4 e6 2. d4 d5 3. Nc3 Bb4 4. Nge2 Nf6 5. e5 Nfd7 6. a3 Bf8 7. Be3 c5 8. f4 Nc6 9. Qd2 g6 10. g3 b6 11. Bg2 Ba6 12. Kf2 Rc8 13. Rhe1 Be7 14. Kg1 0-0 15. Kh1 Ndb8 16. g4 f5 17. exf6 Bxf6 18. f5 Bxe2 19. Nxe2 gxf5 20. gxf5 exf5 21. dxc5 d4 22. Bh6 Re8 23. cxb6 axb6 24. Nf4 Ne5 25. Nh5 Ng4 26. Rxe8+ Qxe8 27. Nxf6+ Nxf6 28. Qxd4 Qe6 29. Rg1 Kf7 30. Bf3 Nbd7 31. Qh4 Rc4 32. Qg5 Ke7 33. Qg7+ Kd8 34. Bg5 Rg4 35. Bxf6+ Nxf6 36. Bxg4 Qe4+ 37. Bf3 Qxf3+ 38. Qg2 1-0

[Event "Krasnodar II"]
[Site "Krasnodar"]
[Date "2003.??.??"]
[Round "?"]
[White "Kalinina, Vladislava"]
[Black "Stambulian, Arsen"]
[Result "1-0"]
[WhiteElo "2303"]
[BlackElo "2453"]
[PlyCount "87"]
[EventDate "2003.??.??"]
[EventType "tourn"]
[EventRounds "13"]
[EventCountry "RUS"]
[EventCategory "5"]
[SourceTitle "EXT 2005"]
[Source "ChessBase"]
[SourceDate "2004.11.15"]
[SourceVersion "1"]
[SourceVersionDate "2004.11.15"]
[SourceQuality "1"]

1. e4 e5 2. Nf3 Nc6 3. c3 Nf6 4. d4 Nxe4 5. d5 Nb8 6. Nxe5 Qe7 7. Qd4 Nf6 8. Be2 Qc5 9. Qxc5 Bxc5 10. Nd3 Be7 11. Bf3 d6 12. 0-0 Bf5 13. Rd1 Nbd7 14. c4 0-0 15. Na3 a6 16. Be2 Rfe8 17. Nc2 Ne4 18. Nd4 Bg6 19. Nf4 Bf6 20. Nxg6 hxg6 21. Be3 Nec5 22. Rac1 a5 23. b3 Re7 24. Nb5 Na6 25. Rc2 Rae8 26. Kf1 Ndc5 27. Rb1 Ne4 28. a3 Nec5 29. b4 axb4 30. axb4 Ne4 31. c5 Re5 32. c6 bxc6 33. dxc6 Rb8 34. Ra2 Rexb5 35. Bxb5 Nc3 36. Bxa6 Nxa2 37. b5 Nc3 38. Re1 Nd5 39. Bb7 Nxe3+ 40. fxe3 Bc3 41. Rb1 Re8 42. b6 Re7 43. Bc8 cxb6 44. Bd7 1-0

[Event "UKR Summer Youth Games"]
[Site "Evpatoria"]
[Date "2002.05.16"]
[Round "4"]
[White "Ushenina, Anna"]
[Black "Kalinina, Vladislava"]
[Result "1-0"]
[WhiteElo "2297"]
[BlackElo "2299"]
[PlyCount "61"]
[EventDate "2002.05.13"]
[EventType "swiss"]
[EventRounds "9"]
[EventCountry "UKR"]
[SourceTitle "EXT 2003"]
[Source "ChessBase"]
[SourceDate "2002.11.25"]
[SourceVersion "1"]
[SourceVersionDate "2002.11.25"]
[SourceQuality "1"]

1. d4 Nf6 2. c4 e6 3. Nc3 Bb4 4. e3 d5 5. a3 Bxc3+ 6. bxc3 0-0 7. cxd5 exd5 8. Bd3 Re8 9. Ne2 Ne4 10. 0-0 Nd7 11. Qc2 Ndf6 12. f3 Nd6 13. Ng3 c5 14. dxc5 Nc4 15. Bxc4 dxc4 16. e4 Qc7 17. Be3 Be6 18. Qa4 Nd7 19. Qb4 Ne5 20. Rab1 Re7 21. Bf4 Rd7 22. Bxe5 Qxe5 23. f4 a5 24. Qb5 Qxc3 25. f5 Rd2 26. Qxb7 Rdd8 27. fxe6 fxe6 28. Qf7+ Kh8 29. Nh5 Qd4+ 30. Kh1 c3 31. Rbd1 1-0

[Event "St Petersburg (Women)"]
[Site "St Petersburg"]
[Date "2002.??.??"]
[Round "9"]
[White "Dushenok, Anna"]
[Black "Kalinina, Vladislava"]
[Result "0-1"]
[WhiteElo "2193"]
[BlackElo "2304"]
[PlyCount "114"]
[EventDate "2002.??.??"]
[EventType "tourn"]
[EventRounds "9"]
[EventCountry "RUS"]
[SourceTitle "EXT 2004"]
[Source "ChessBase"]
[SourceDate "2003.11.25"]
[SourceVersion "1"]
[SourceVersionDate "2003.11.25"]
[SourceQuality "1"]

1. d4 Nf6 2. c4 d6 3. Nc3 Nbd7 4. e4 e5 5. d5 Be7 6. Be3 c6 7. f3 0-0 8. Qd2 a6 9. Nh3 cxd5 10. cxd5 b5 11. Nf2 Nb6 12. b3 Bd7 13. Be2 Qb8 14. 0-0 Rc8 15. Rfc1 Bd8 16. Rab1 Be8 17. a4 b4 18. Ncd1 a5 19. Nb2 Qb7 20. Bc4 Nfd7 21. Qe2 Nxc4 22. Nxc4 Qa6 23. Nd3 f5 24. exf5 Nf6 25. f4 e4 26. Nf2 Bf7 27. Bd4 Bxd5 28. g4 Bf7 29. g5 d5 30. gxf6 Bxf6 31. Be5 dxc4 32. Nxe4 Qb6+ 33. Qf2 Qxf2+ 34. Kxf2 cxb3 35. Nxf6+ gxf6 36. Rg1+ Kf8 37. Bxf6 Rc2+ 38. Kf3 Bd5+ 39. Ke3 Rac8 40. Rgd1 Bf7 41. Rd8+ Rxd8 42. Bxd8 b2 43. Bf6 Rxh2 44. Rxb2 Rxb2 45. Bxb2 Be8 46. Bd4 Bxa4 47. Kd2 h5 48. Bf2 Kf7 49. Bh4 Bd7 50. Kc2 Bxf5+ 51. Kb3 Be6+ 52. Kb2 a4 53. Be1 b3 54. Bg3 Kg6 55. Ka3 Kf5 56. Bh4 Kg4 57. Bf6 Bd7 0-1

[Event "St Petersburg (Women)"]
[Site "St Petersburg"]
[Date "2002.??.??"]
[Round "2"]
[White "Kalinina, Vladislava"]
[Black "Bistrikova, Elena V"]
[Result "1-0"]
[WhiteElo "2304"]
[BlackElo "2231"]
[PlyCount "99"]
[EventDate "2002.??.??"]
[EventType "tourn"]
[EventRounds "9"]
[EventCountry "RUS"]
[SourceTitle "EXT 2004"]
[Source "ChessBase"]
[SourceDate "2003.11.25"]
[SourceVersion "1"]
[SourceVersionDate "2003.11.25"]
[SourceQuality "1"]

1. e4 c5 2. Nf3 Nc6 3. d4 cxd4 4. Nxd4 g6 5. Nc3 Bg7 6. Be3 Nf6 7. Nxc6 bxc6 8. e5 Ng8 9. Bd4 c5 10. Bxc5 Qc7 11. Bd4 Bxe5 12. Nb5 Qb8 13. f4 Bxd4 14. Qxd4 Nf6 15. Qe5 d6 16. Qc3 0-0 17. 0-0-0 Bg4 18. Re1 Rc8 19. Qd4 Bf5 20. Nc3 Qb7 21. Bc4 Qxg2 22. Bb3 Rc7 23. Rhg1 Qc6 24. Rg5 Qb6 25. Qd2 Rac8 26. Qg2 e6 27. h4 Kf8 28. h5 Nxh5 29. Rxf5 gxf5 30. Qh2 Ng7 31. Qxh7 Qd4 32. Nd5 f6 33. Nxc7 Qxf4+ 34. Kb1 Rxc7 35. Rg1 Rf7 36. a3 Ne8 37. Qg8+ Ke7 38. Bxe6 Kxe6 39. Qxe8+ Re7 40. Re1+ Qe5 41. Rxe5+ dxe5 42. Qc6+ Kf7 43. Qf3 f4 44. c4 Ke6 45. Qg4+ Kd6 46. Qf5 Re6 47. b4 a5 48. c5+ Kd5 49. Qd3+ Kc6 50. Qc4 1-0

[Event "St Petersburg (Women)"]
[Site "St Petersburg"]
[Date "2002.??.??"]
[Round "8"]
[White "Kalinina, Vladislava"]
[Black "Gromova, Iulia"]
[Result "1/2-1/2"]
[WhiteElo "2304"]
[BlackElo "2161"]
[PlyCount "98"]
[EventDate "2002.??.??"]
[EventType "tourn"]
[EventRounds "9"]
[EventCountry "RUS"]
[SourceTitle "EXT 2004"]
[Source "ChessBase"]
[SourceDate "2003.11.25"]
[SourceVersion "1"]
[SourceVersionDate "2003.11.25"]
[SourceQuality "1"]

1. e4 c6 2. d4 d5 3. exd5 cxd5 4. c4 Nf6 5. Nc3 g6 6. cxd5 Nxd5 7. Qb3 Nb6 8. d5 Bg7 9. Be3 0-0 10. Rd1 N8d7 11. Nf3 Nf6 12. h3 Ne8 13. Be2 Nd6 14. 0-0 Bf5 15. Nd4 Rc8 16. Rfe1 Bd7 17. Bg5 Re8 18. Bf4 Rxc3 19. Qxc3 Nxd5 20. Qc1 Nxf4 21. Qxf4 e5 22. Qh2 exd4 23. Qxd6 Re6 24. Qd5 Qe8 25. Kf1 Bc6 26. Qc4 a6 27. Qc2 Be4 28. Qd2 Qc6 29. f3 Bd5 30. Rc1 Qd7 31. Bc4 Rxe1+ 32. Kxe1 Bc6 33. Qe2 Bh6 34. Rc2 Qd6 35. Kd1 Be3 36. Bd3 Kg7 37. Be4 Bxe4 38. fxe4 Qe6 39. Qf3 Qxa2 40. Ke2 Qb3 41. Rc7 Qxb2+ 42. Ke1 Qa1+ 43. Ke2 Qa2+ 44. Kf1 Qb1+ 45. Ke2 Qa2+ 46. Kf1 Qb1+ 47. Ke2 Qb5+ 48. Kd1 Qb3+ 49. Ke1 Qb4+ 1/2-1/2

[Event "St Petersburg (Women)"]
[Site "St Petersburg"]
[Date "2002.??.??"]
[Round "4"]
[White "Kalinina, Vladislava"]
[Black "Kharashkina, Bairta"]
[Result "0-1"]
[WhiteElo "2304"]
[BlackElo "2185"]
[PlyCount "126"]
[EventDate "2002.??.??"]
[EventType "tourn"]
[EventRounds "9"]
[EventCountry "RUS"]
[SourceTitle "EXT 2004"]
[Source "ChessBase"]
[SourceDate "2003.11.25"]
[SourceVersion "1"]
[SourceVersionDate "2003.11.25"]
[SourceQuality "1"]

1. e4 c5 2. Nf3 Nc6 3. d4 cxd4 4. Nxd4 Nf6 5. Nc3 e5 6. Ndb5 d6 7. Bg5 a6 8. Na3 b5 9. Nd5 Be7 10. Bxf6 Bxf6 11. c3 Ne7 12. Nc2 Nxd5 13. Qxd5 Be6 14. Qc6+ Ke7 15. Ne3 Qb8 16. Nd5+ Bxd5 17. Qxd5 Rc8 18. Be2 Rc5 19. Qd2 Qb7 20. 0-0 Rd8 21. Qe3 Qc8 22. a4 d5 23. exd5 Rcxd5 24. axb5 axb5 25. Ra7+ Kf8 26. Bf3 Rd3 27. Qe4 Kg8 28. Qb4 Qc4 29. Qxc4 bxc4 30. Rb7 Rd2 31. h3 g6 32. Ra1 R8d7 33. Rxd7 Rxd7 34. Be2 Rc7 35. Ra4 Bg5 36. Rb4 Bc1 37. Kf1 Rd7 38. Bxc4 Rd1+ 39. Ke2 Rd2+ 40. Kf3 Rxb2 41. Bb3 Kg7 42. Rb7 Kh6 43. c4 f5 44. h4 e4+ 45. Kg3 f4+ 46. Kh3 e3 47. fxe3 fxe3 48. g4 e2 49. g5+ Bxg5 50. hxg5+ Kxg5 51. Re7 Rxb3+ 52. Kg2 Rc3 53. Kf2 Rxc4 54. Rxh7 Re4 55. Ke1 Kg4 56. Rh8 g5 57. Rh7 Kg3 58. Rg7 g4 59. Rg8 Kh3 60. Rg7 g3 61. Rh7+ Kg4 62. Ra7 g2 63. Rg7+ Kh3 0-1

[Event "St Petersburg (Women)"]
[Site "St Petersburg"]
[Date "2002.??.??"]
[Round "5"]
[White "Schweitzer, Viktoriya"]
[Black "Kalinina, Vladislava"]
[Result "1-0"]
[WhiteElo "2190"]
[BlackElo "2304"]
[PlyCount "73"]
[EventDate "2002.??.??"]
[EventType "tourn"]
[EventRounds "9"]
[EventCountry "RUS"]
[SourceTitle "EXT 2004"]
[Source "ChessBase"]
[SourceDate "2003.11.25"]
[SourceVersion "1"]
[SourceVersionDate "2003.11.25"]
[SourceQuality "1"]

1. e4 c5 2. Nc3 Nc6 3. f4 d6 4. Nf3 g6 5. Bb5 Bg7 6. 0-0 Bd7 7. d3 a6 8. Bxc6 Bxc6 9. Qe1 Qd7 10. a4 b6 11. h3 Nf6 12. Qh4 0-0 13. f5 b5 14. Bh6 c4 15. Ng5 Rfe8 16. Bxg7 Kxg7 17. fxg6 hxg6 18. dxc4 bxc4 19. Nd5 Rh8 20. Qf4 Bxd5 21. exd5 Qa7+ 22. Kh1 Rac8 23. Rad1 Rhf8 24. c3 Qb7 25. Qd4 Rb8 26. a5 Qxb2 27. Ne4 Qe2 28. Nxf6 exf6 29. Qxf6+ Kg8 30. Rde1 Qd2 31. Re4 Rb2 32. Rg4 Qc2 33. Kh2 Ra2 34. Rf5 Qxf5 35. Qxf5 Rxa5 36. Qf6 Rxd5 37. Rxg6+ 1-0

[Event "St Petersburg Admiralteiskii (Women)"]
[Site "St Petersburg"]
[Date "2001.12.10"]
[Round "8"]
[White "Kalinina, Vladislava"]
[Black "Piarnpuu, Leili"]
[Result "1/2-1/2"]
[WhiteElo "2271"]
[BlackElo "2214"]
[PlyCount "87"]
[EventDate "2001.12.03"]
[EventType "tourn"]
[EventRounds "9"]
[EventCountry "RUS"]
[EventCategory "1"]
[SourceTitle "CBM 085 Extra"]
[Source "ChessBase"]
[SourceDate "2002.01.21"]
[SourceVersion "1"]
[SourceVersionDate "2002.01.21"]
[SourceQuality "1"]

1. e4 e5 2. Nf3 Nc6 3. c3 Nf6 4. d4 Nxe4 5. d5 Ne7 6. Nxe5 Ng6 7. Nxg6 hxg6 8. Qe2 Qe7 9. Na3 Nf6 10. Bg5 Qxe2+ 11. Bxe2 Bxa3 12. Bxf6 gxf6 13. bxa3 d6 14. Rb1 b6 15. Rb4 Bb7 16. Re4+ Kf8 17. Rd4 Re8 18. Kd2 Re5 19. Bf3 Kg7 20. h4 a5 21. a4 Ba6 22. h5 g5 23. g4 f5 24. Bd1 fxg4 25. Bxg4 Kh6 26. f4 gxf4 27. c4 f5 28. Bf3 Rg8 29. Rxf4 Bc8 30. Rf1 Bd7 31. Rf2 Bxa4 32. c5 Bd7 33. cxd6 cxd6 34. Rc4 Rg1 35. Rc7 Ra1 36. Kd3 Bb5+ 37. Kd4 Rb1 38. Rf7 Rb4+ 39. Kc3 Rc4+ 40. Kb2 Rb4+ 41. Kc3 Rc4+ 42. Kb2 Rb4+ 43. Kc3 Rc4+ 44. Kb2 1/2-1/2

[Event "Chigorin Memorial 09th"]
[Site "St Petersburg"]
[Date "2001.10.31"]
[Round "6"]
[White "Kalinina, Vladislava"]
[Black "Kokarev, Dmitry"]
[Result "1/2-1/2"]
[WhiteElo "2271"]
[BlackElo "2473"]
[PlyCount "97"]
[EventDate "2001.10.26"]
[EventType "swiss"]
[EventRounds "9"]
[EventCountry "RUS"]
[SourceTitle "EXT 2002"]
[Source "ChessBase"]
[SourceDate "2001.11.25"]
[SourceVersion "1"]
[SourceVersionDate "2001.11.25"]
[SourceQuality "1"]

1. e4 c5 2. Nf3 d6 3. d4 cxd4 4. Qxd4 a6 5. c4 Nc6 6. Qd2 g6 7. b3 Bg7 8. Nc3 Bg4 9. Be2 Nf6 10. Bb2 0-0 11. 0-0 Nd7 12. Rfd1 Nc5 13. Ne1 Bd7 14. Rac1 Rc8 15. h3 Nd4 16. Qe3 Nxe2+ 17. Qxe2 b5 18. cxb5 axb5 19. b4 Bxc3 20. Bxc3 Na4 21. Ba1 f6 22. f4 Rxc1 23. Rxc1 Qb6+ 24. Kh2 e5 25. Qd2 Be6 26. Rd1 Kf7 27. Nf3 Rc8 28. Qxd6 Qxd6 29. Rxd6 exf4 30. e5 Rc1 31. Bd4 Ke7 32. Ra6 fxe5 33. Bxe5 Bd5 34. Ra7+ Ke6 35. Bxf4 Rc4 36. Kg3 Nc3 37. Be3 Rxb4 38. a3 Rb2 39. Rxh7 Ne4+ 40. Kf4 Rxg2 41. Rg7 Kd6 42. Bd4 Bc6 43. h4 Nc5 44. Bxc5+ Kxc5 45. Ne5 Rf2+ 46. Ke3 Rh2 47. Rc7 Rxh4 48. Rxc6+ Kd5 49. Rxg6 1/2-1/2

[Event "UKR-ch (Women)"]
[Site "Kramatorsk"]
[Date "2001.04.08"]
[Round "13"]
[White "Kalinina, Vladislava"]
[Black "Zdebskaja, Natalia"]
[Result "1-0"]
[WhiteElo "2254"]
[BlackElo "2172"]
[PlyCount "59"]
[EventDate "2001.03.26"]
[EventType "tourn"]
[EventRounds "13"]
[EventCountry "UKR"]
[EventCategory "2"]
[SourceTitle "CBM 081 Extra"]
[Source "ChessBase"]
[SourceDate "2001.05.06"]
[SourceVersion "1"]
[SourceVersionDate "2001.05.06"]
[SourceQuality "1"]

1. e4 d6 2. d4 Nf6 3. Nc3 g6 4. f4 Bg7 5. Nf3 0-0 6. Bd3 Na6 7. 0-0 c5 8. e5 Nd7 9. Ne4 dxe5 10. dxe5 Nc7 11. Qe2 b6 12. Rd1 a6 13. Nfg5 e6 14. h4 b5 15. h5 Bb7 16. Nxh7 Kxh7 17. hxg6+ Kg8 18. Ng5 f5 19. Qh5 Re8 20. Nf7 Qe7 21. Qh7+ Kf8 22. Nh6 Nf6 23. exf6 Qxf6 24. Be3 Ke7 25. Bxc5+ Kd7 26. Bxb5+ Kc8 27. Bxe8 Nxe8 28. Qg8 Qxg6 29. Rd2 Bc6 30. Re1 1-0

[Event "UKR-ch (Women)"]
[Site "Kramatorsk"]
[Date "2001.04.07"]
[Round "12"]
[White "Alexandrova, Olga"]
[Black "Kalinina, Vladislava"]
[Result "1/2-1/2"]
[WhiteElo "2425"]
[BlackElo "2254"]
[PlyCount "97"]
[EventDate "2001.03.26"]
[EventType "tourn"]
[EventRounds "13"]
[EventCountry "UKR"]
[EventCategory "2"]
[SourceTitle "CBM 081 Extra"]
[Source "ChessBase"]
[SourceDate "2001.05.06"]
[SourceVersion "1"]
[SourceVersionDate "2001.05.06"]
[SourceQuality "1"]

1. d4 Nf6 2. c4 e6 3. Nf3 Bb4+ 4. Bd2 Qe7 5. g3 Bxd2+ 6. Qxd2 d6 7. Nc3 0-0 8. Bg2 e5 9. 0-0 c6 10. dxe5 dxe5 11. Rfd1 Nbd7 12. Qd6 Qxd6 13. Rxd6 a5 14. Rad1 Re8 15. Na4 Rb8 16. c5 e4 17. Nd2 e3 18. fxe3 Rxe3 19. Nc4 Rxe2 20. Nab6 Nxb6 21. Rd8+ Re8 22. Rxe8+ Nxe8 23. Rd8 Bd7 24. Rxb8 Nxc4 25. Rd8 Ne5 26. Bh3 f5 27. Bxf5 Nf3+ 28. Kf2 Bxf5 29. Kxf3 Kf7 30. Rb8 Bb1 31. a4 Bc2 32. b4 axb4 33. a5 Bd3 34. Rxb7+ Ke6 35. Rxb4 Nc7 36. Rd4 Bb5 37. Ke4 Nd5 38. Rd2 Nc3+ 39. Kd4 Nd5 40. Rf2 Nc7 41. Rd2 Kf6 42. Rf2+ Ke7 43. Ke5 Ne6 44. Rc2 Ba6 45. Rc1 Bb5 46. Rc3 Ba6 47. h4 Bb5 48. g4 Ba6 49. Rc1 1/2-1/2

[Event "UKR-ch (Women)"]
[Site "Kramatorsk"]
[Date "2001.03.31"]
[Round "6"]
[White "Kalinina, Vladislava"]
[Black "Lagno, Kateryna"]
[Result "1-0"]
[WhiteElo "2254"]
[BlackElo "2185"]
[PlyCount "61"]
[EventDate "2001.03.26"]
[EventType "tourn"]
[EventRounds "13"]
[EventCountry "UKR"]
[EventCategory "2"]
[SourceTitle "CBM 081 Extra"]
[Source "ChessBase"]
[SourceDate "2001.05.06"]
[SourceVersion "1"]
[SourceVersionDate "2001.05.06"]
[SourceQuality "1"]

1. e4 d6 2. d4 Nf6 3. Nc3 g6 4. f4 Bg7 5. Nf3 0-0 6. Be3 b6 7. Bd3 Bb7 8. Qe2 c5 9. e5 Ng4 10. 0-0-0 Nxe3 11. Qxe3 cxd4 12. Nxd4 Nc6 13. Be4 Qc8 14. Nd5 Kh8 15. Nxc6 Qxc6 16. h4 Qc5 17. Qxc5 dxc5 18. h5 gxh5 19. Rxh5 h6 20. g4 e6 21. Nf6 Bxe4 22. Nxe4 Rad8 23. Nd6 Kg8 24. g5 hxg5 25. Rxg5 f6 26. Rg4 fxe5 27. fxe5 Rd7 28. Rdg1 Kh7 29. Ne4 Bh6+ 30. Kb1 Bg7 31. Rh4+ 1-0

[Event "UKR-ch (Women)"]
[Site "Kramatorsk"]
[Date "2001.03.27"]
[Round "2"]
[White "Kalinina, Vladislava"]
[Black "Zozulia, Anna"]
[Result "1/2-1/2"]
[WhiteElo "2254"]
[BlackElo "2358"]
[PlyCount "106"]
[EventDate "2001.03.26"]
[EventType "tourn"]
[EventRounds "13"]
[EventCountry "UKR"]
[EventCategory "2"]
[SourceTitle "CBM 081 Extra"]
[Source "ChessBase"]
[SourceDate "2001.05.06"]
[SourceVersion "1"]
[SourceVersionDate "2001.05.06"]
[SourceQuality "1"]

1. e4 c5 2. Nf3 Nc6 3. Bb5 g6 4. 0-0 Bg7 5. Re1 Nf6 6. c3 0-0 7. e5 Nd5 8. d4 cxd4 9. cxd4 d6 10. Nc3 Nxc3 11. bxc3 Bg4 12. exd6 Qxd6 13. h3 Bxf3 14. Qxf3 a6 15. Bxc6 bxc6 16. Bf4 Qd7 17. Rab1 e6 18. Rb6 Rfc8 19. Reb1 Qd5 20. Qe2 c5 21. Be5 Bxe5 22. dxe5 Rd8 23. c4 Qd2 24. Qxd2 Rxd2 25. Rc6 Rxa2 26. Rxc5 Rd8 27. Rf1 Rdd2 28. Rc8+ Kg7 29. c5 Rac2 30. c6 Rd5 31. c7 Rxe5 32. Ra8 Rxc7 33. Rxa6 Rc2 34. Raa1 h5 35. Rac1 Ra2 36. Ra1 Ree2 37. Rxa2 Rxa2 38. Rb1 Kf6 39. g3 Re2 40. Kg2 Ra2 41. Rb7 e5 42. Rb6+ Kf5 43. Rb7 f6 44. Re7 Ra4 45. Re8 Kg5 46. Re7 h4 47. g4 e4 48. Re6 f5 49. gxf5 gxf5 50. Re8 f4 51. Rg8+ Kf5 52. Rg4 f3+ 53. Kg1 Ke5 1/2-1/2

[Event "UKR-ch (Women)"]
[Site "Kramatorsk"]
[Date "2001.03.01"]
[Round "7"]
[White "Melamed, Tatiana"]
[Black "Kalinina, Vladislava"]
[Result "0-1"]
[WhiteElo "2292"]
[BlackElo "2254"]
[PlyCount "54"]
[EventDate "2001.03.26"]
[EventType "tourn"]
[EventRounds "13"]
[EventCountry "UKR"]
[EventCategory "2"]
[SourceTitle "CBM 081 Extra"]
[Source "ChessBase"]
[SourceDate "2001.05.06"]
[SourceVersion "1"]
[SourceVersionDate "2001.05.06"]
[SourceQuality "1"]

1. e4 c5 2. Nc3 Nc6 3. Bb5 g6 4. Bxc6 dxc6 5. d3 Bg7 6. f4 Nf6 7. Nf3 Qc7 8. 0-0 b6 9. Qe1 Ba6 10. a3 Nd7 11. e5 Nf8 12. b4 Ne6 13. Be3 c4 14. d4 Qd7 15. Qg3 Nc7 16. f5 Qxf5 17. Ng5 Qxc2 18. Rac1 Qd3 19. Rxf7 Bh6 20. Rf3 Rf8 21. Rxf8+ Bxf8 22. Nxh7 0-0-0 23. Nxf8 Rxf8 24. Qg4+ Kb8 25. Bf2 Qd2 26. Ne2 c3 27. Re1 c2 0-1

[Event "UKR-ch sf op"]
[Site "Alushta"]
[Date "2001.??.??"]
[Round "?"]
[White "Pavlov, Maxim"]
[Black "Kalinina, Vladislava"]
[Result "1-0"]
[WhiteElo "2347"]
[BlackElo "2254"]
[PlyCount "85"]
[EventDate "2001.04.17"]
[EventType "swiss"]
[EventRounds "9"]
[EventCountry "UKR"]
[SourceTitle "EXT 2003"]
[Source "ChessBase"]
[SourceDate "2002.11.25"]
[SourceVersion "1"]
[SourceVersionDate "2002.11.25"]
[SourceQuality "1"]

1. e4 e5 2. Nf3 d6 3. d4 exd4 4. Nxd4 Nf6 5. Nc3 Be7 6. Bf4 0-0 7. Be2 Re8 8. 0-0 Bf8 9. Bf3 Nbd7 10. h3 Ne5 11. Re1 Nxf3+ 12. Qxf3 Nd7 13. Rad1 Ne5 14. Qg3 Ng6 15. Bc1 Be7 16. Nd5 Bh4 17. Qh2 c6 18. Nc3 Ne5 19. Qf4 g5 20. Qe3 g4 21. g3 c5 22. Ndb5 Nf3+ 23. Kh1 Bg5 24. Qe2 Nxe1 25. Rxd6 Bd7 26. Bxg5 Qxg5 27. Rxd7 Nf3 28. h4 Qc1+ 29. Rd1 Qh6 30. Nc7 Nxh4 31. gxh4 Qxh4+ 32. Kg1 Re5 33. Rd5 Rxd5 34. exd5 Rd8 35. Qe5 Qh6 36. Ne8 g3 37. Nf6+ Kf8 38. fxg3 Qc1+ 39. Kg2 Qxb2 40. d6 Qxc2+ 41. Kh3 Qd3 42. Nfe4 Rxd6 43. Nxd6 1-0

[Event "UKR-ch sf op"]
[Site "Alushta"]
[Date "2001.??.??"]
[Round "?"]
[White "Podgaets, Mikhail"]
[Black "Kalinina, Vladislava"]
[Result "1-0"]
[WhiteElo "2477"]
[BlackElo "2254"]
[PlyCount "61"]
[EventDate "2001.04.17"]
[EventType "swiss"]
[EventRounds "9"]
[EventCountry "UKR"]
[SourceTitle "EXT 2003"]
[Source "ChessBase"]
[SourceDate "2002.11.25"]
[SourceVersion "1"]
[SourceVersionDate "2002.11.25"]
[SourceQuality "1"]

1. d4 Nf6 2. Nf3 e6 3. c4 Bb4+ 4. Bd2 Qe7 5. g3 0-0 6. Nc3 Bxc3 7. Bxc3 Ne4 8. Qc2 Nxc3 9. Qxc3 d6 10. Bg2 Nd7 11. 0-0 e5 12. dxe5 dxe5 13. b4 e4 14. Nd4 Nf6 15. Nb3 Bd7 16. a3 Rfe8 17. Rad1 Ba4 18. Rd4 Rad8 19. Nc5 Bc6 20. Rfd1 b6 21. Nb3 Ng4 22. h3 e3 23. hxg4 exf2+ 24. Kh2 Qxe2 25. Rf1 Rxd4 26. Nxd4 Bxg2 27. Kxg2 Qxg4 28. Rxf2 Re4 29. Nf3 Rxc4 30. Qd3 h6 31. Re2 1-0